000 00573nam a2200193Ii 4500
003 JO-AjNU
008 230605s9999||||xx |||||||||||||| ||und||
040 _aJO-AjNU
_bara
_erda
_cJO-AjNU
041 _aara
050 1 4 _aPS3552 2007
100 3 _aفيرن، جيل ,
_eauthor
_913804
245 0 0 _aحول العالم في ثمانين يوما
264 3 1 _aلبنان: دار الحكايات،2007
300 _a112ص
336 _atext
_btxt
_2rdacontent
337 _aunmediated
_bn
_2rdamedia
338 _avolume
_bnc
_2rdacarrier
650 4 _aروايات
_913805
999 _aA3531
_c7099
_d7099